[Event "European Rapid Championship 2021"]
[Site "Katowice"]
[Date "2021.12.18"]
[Round "3.1"]
[White "Keinanen, Toivo"]
[Black "Luberanski, Jakub"]
[Result "1-0"]
[WhiteElo "2341"]
[BlackElo "2199"]
[Annotator "NA"]
[PlyCount "77"]
[EventDate "2021.12.18"]
[EventType "swiss"]
[EventCountry "POL"]
[SourceTitle "playchess.com"]
[Source "ChessBase"]
[SourceQuality "1"]
[TimeControl "900+10"]

1. d4 {[%emt 0:00:01]} Nf6 {[%emt 0:00:01]} 2. Nf3 {[%emt 0:00:01]} g6 {
[%emt 0:00:02]} 3. Nbd2 {[%emt 0:00:01]} d5 {[%emt 0:00:03]} 4. c4 {[%emt 0:00:
00]} c6 {[%emt 0:00:09]} 5. e3 {[%emt 0:00:02]} Bg7 {[%emt 0:00:04]} 6. Be2 {
[%emt 0:00:01]} O-O {[%emt 0:00:05]} 7. O-O {[%emt 0:00:02]} Bg4 {[%emt 0:00:
19]} 8. h3 {[%emt 0:02:15]} Bxf3 {[%emt 0:00:02]} 9. Nxf3 {[%emt 0:00:08]} e6 {
[%emt 0:00:43]} 10. b4 {[%emt 0:00:12]} Nbd7 {[%emt 0:01:21]} 11. Qb3 {[%emt 0:
01:28]} Ne4 {[%emt 0:00:33]} 12. Bb2 {[%emt 0:00:16]} a6 {[%emt 0:01:09]} 13.
a4 {[%emt 0:00:52]} Nd6 {[%emt 0:03:42]} 14. c5 {[%emt 0:03:42]} Nf5 {[%emt 0:
00:01]} 15. b5 {[%emt 0:00:38]} Qe7 {[%emt 0:00:03]} 16. Bd3 {[%emt 0:00:57]}
e5 {[%emt 0:02:01]} 17. Bxf5 {[%emt 0:00:37]} gxf5 {[%emt 0:00:01]} 18. Nxe5 {
[%emt 0:00:46]} Bxe5 {[%emt 0:01:22]} 19. dxe5 {[%emt 0:00:03]} Nxc5 {[%emt 0:
00:01]} 20. Qb4 {[%emt 0:00:16]} a5 {[%emt 0:00:32]} 21. Qa3 {[%emt 0:00:26]}
cxb5 {[%emt 0:00:03]} 22. axb5 {[%emt 0:00:02]} b6 {[%emt 0:00:01]} 23. Rad1 {
[%emt 0:00:51]} Qd7 {[%emt 0:00:24]} 24. Bd4 {[%emt 0:01:49]} Rfc8 {[%emt 0:00:
30]} 25. Kh2 {[%emt 0:00:30]} Qxb5 {[%emt 0:00:17]} 26. Rb1 {[%emt 0:00:22]}
Qc6 {[%emt 0:01:39]} 27. g4 {[%emt 0:00:23]} fxg4 {[%emt 0:00:21]} 28. Rg1 {
[%emt 0:00:08]} Kf8 {[%emt 0:01:42]} 29. Rxg4 {[%emt 0:00:27]} Ke7 {[%emt 0:00:
02]} 30. Rf4 {[%emt 0:00:34]} Rab8 {[%emt 0:00:16]} 31. Rf6 {[%emt 0:00:19]}
Qc7 {[%emt 0:00:06]} 32. Rd6 {[%emt 0:00:36]} Rd8 {[%emt 0:00:51]} 33. Rdxb6 {
[%emt 0:00:34]} Rxb6 {[%emt 0:00:02]} 34. Rxb6 {[%emt 0:00:01]} Rc8 {[%emt 0:
00:11]} 35. Rb5 {[%emt 0:00:16]} Ke6 {[%emt 0:00:01]} 36. Rxc5 {[%emt 0:00:15]}
Qb7 {[%emt 0:00:01]} 37. Rxc8 {[%emt 0:00:13]} Qxc8 {[%emt 0:00:01]} 38. Qxa5 {
[%emt 0:00:06]} Qc2 {[%emt 0:00:02]} 39. Qb6+ {[%emt 0:00:05]} 1-0

[Event "European Rapid Championship 2021"]
[Site "Katowice"]
[Date "2021.12.18"]
[Round "3.2"]
[White "Ortega Ruiz, Jose Miguel"]
[Black "Demchenko, Anton"]
[Result "0-1"]
[WhiteElo "2150"]
[BlackElo "2666"]
[Annotator "TA"]
[PlyCount "68"]
[EventDate "2021.12.18"]
[EventType "swiss"]
[EventCountry "POL"]
[SourceTitle "playchess.com"]
[Source "ChessBase"]
[SourceQuality "1"]

{[%evp 9,68,44,50,34,41,46,37,25,33,0,0,0,0,0,0,0,0,0,0,0,0,0,0,0,0,-12,-3,-35,
0,-10,0,-61,-59,-131,-139,-140,-101,-208,-115,-124,-118,-162,-163,-139,-80,-79,
0,-68,0,-26,0,-44,0,-187,-189,-618,-577,-1094,-789,-991,-935]} 1. d4 Nf6 2. c4
g6 3. Nc3 Bg7 4. e4 d6 5. Be2 Nbd7 6. Be3 {E73: King's Indian: Averbakh
Variation without 6...c5.} e5 7. d5 Nc5 8. f3 {White is slightly better.} Nh5
$5 {[%mdl 4] A promising side line.} 9. b4 Nd7 {[#]} 10. Nh3 $146 ({
Predecessor:} 10. Qd2 f5 11. Bd3 Nf4 12. O-O-O Nxd3+ 13. Qxd3 O-O 14. Nge2 Nf6
15. h3 Bd7 16. g4 fxe4 17. fxe4 {0-1 (38) Ghorbani,M-Kaberi,J Iran 1994}) 10...
a5 11. a3 Nf4 12. Nxf4 exf4 13. Bd4 Ne5 14. Rc1 axb4 15. axb4 Qh4+ 16. Bf2 Qg5
17. Nb5 O-O (17... Qxg2 $2 18. Rg1 Qxh2 19. Nxc7+ Kf8 20. Nxa8 $18) 18. Kf1 (
18. Nxc7 {feels hotter.} Ra2 19. Kf1 f5 20. exf5 Bxf5 21. Ne6) 18... Qd8 19. c5
Bd7 20. cxd6 (20. h4 $11) 20... cxd6 $15 (20... Bxb5 21. Bxb5 cxd6 22. Rc2 $11)
21. Nd4 {[#]} ({Avoid the trap} 21. Nxd6 $2 Ba4 22. Qd2 Qxd6 $19) (21. Qd2 $15)
21... Ra2 $1 $17 22. h3 Bf6 ({And not} 22... Qg5 23. h4 Qe7 24. h5 $15) 23. Qe1
{[#]} (23. Qb3 $17 {was worth a try.} Qa8 24. Kg1) 23... h5 (23... Qa8 $1 $19 {
aiming for ...Rc8.} 24. Kg1 Rc8) 24. Kg1 g5 {Black is more active.} 25. Rc2 (
25. Qd1 $17) 25... Rxc2 $19 26. Nxc2 Kg7 (26... Qa8 $142 {...Qa2 is the strong
threat.} 27. Kh2 Qa2) 27. Qd2 Ng6 ({Black should play} 27... Qc7 $17) 28. Nd4 (
28. Na3 $1 $11) 28... Qe7 (28... Be5 $15) 29. Kh2 Rh8 {Threatens to win with ..
.g4.} 30. Kg1 (30. Rc1 $1 $11 g4 31. Kh1 (31. fxg4 $2 hxg4 32. Bxg4 Bxg4 $19))
30... Qe5 (30... Rc8 $15) 31. Kf1 $2 (31. Bb5 $1 $11 {and White is okay.} Bc8
32. Kf1) 31... Ra8 32. Nc2 $2 (32. Nb3) 32... Qb2 {[%cal Oa8a1] Strongly
threatening ...Ra1+! Black is clearly winning.} 33. Bd3 Bc3 34. Qd1 Ne5 {
Weighted Error Value: White=0.60/Black=0.23 (precise)} 0-1

[Event "European Rapid Championship 2021"]
[Site "Katowice"]
[Date "2021.12.18"]
[Round "3.2"]
[White "Woloch, Oskar"]
[Black "Bjerre, Jonas Buhl"]
[Result "1-0"]
[WhiteElo "2036"]
[BlackElo "2330"]
[Annotator "NA"]
[PlyCount "69"]
[EventDate "2021.12.18"]
[EventType "swiss"]
[EventCountry "POL"]
[SourceTitle "playchess.com"]
[Source "ChessBase"]
[SourceQuality "1"]
[TimeControl "900+10"]

1. c4 {[%emt 0:00:01]} e5 {[%emt 0:00:02]} 2. Nc3 {[%emt 0:00:03]} Bb4 {
[%emt 0:00:02]} 3. Nd5 {[%emt 0:00:06]} a5 {[%emt 0:00:02]} 4. a3 {[%emt 0:00:
39]} Bc5 {[%emt 0:00:03]} 5. e3 {[%emt 0:00:14]} Nf6 {[%emt 0:00:18]} 6. g3 {
[%emt 0:00:30]} Nxd5 {[%emt 0:00:08]} 7. cxd5 {[%emt 0:00:01]} d6 {[%emt 0:01:
36]} 8. Bg2 {[%emt 0:00:10]} h5 {[%emt 0:00:07]} 9. h3 {[%emt 0:00:31]} h4 {
[%emt 0:00:21]} 10. g4 {[%emt 0:00:53]} f5 {[%emt 0:00:02]} 11. d4 {[%emt 0:00:
37]} exd4 {[%emt 0:00:05]} 12. exd4 {[%emt 0:00:01]} Bb6 {[%emt 0:00:00]} 13.
g5 {[%emt 0:00:01]} O-O {[%emt 0:00:40]} 14. Ne2 {[%emt 0:00:29]} f4 {[%emt 0:
01:02]} 15. Bxf4 {[%emt 0:01:05]} Bf5 {[%emt 0:00:47]} 16. Be3 {[%emt 0:00:58]}
Qe7 {[%emt 0:00:55]} 17. O-O {[%emt 0:00:27]} Be4 {[%emt 0:00:33]} 18. Nc3 {
[%emt 0:00:21]} Bf5 {[%emt 0:00:23]} 19. Qh5 {[%emt 0:00:20]} g6 {[%emt 0:00:
27]} 20. Qxh4 {[%emt 0:00:12]} Nd7 {[%emt 0:00:01]} 21. Rac1 {[%emt 0:00:29]}
Rae8 {[%emt 0:00:14]} 22. Ne2 {[%emt 0:00:51]} Rf7 {[%emt 0:00:39]} 23. Nf4 {
[%emt 0:00:23]} Be4 {[%emt 0:00:47]} 24. Rfe1 {[%emt 0:00:53]} Bxg2 {[%emt 0:
00:12]} 25. Nxg6 {[%emt 0:00:20]} Rh7 {[%emt 0:00:07]} 26. Nxe7+ {[%emt 0:00:
03]} Rexe7 {[%emt 0:00:01]} 27. Qxh7+ {[%emt 0:00:41]} Kxh7 {[%emt 0:00:10]}
28. Kxg2 {[%emt 0:00:03]} Kg6 {[%emt 0:00:02]} 29. Kg3 {[%emt 0:00:07]} Kf5 {
[%emt 0:00:04]} 30. h4 {[%emt 0:00:14]} Rh7 {[%emt 0:00:06]} 31. f3 {[%emt 0:
00:12]} Nf8 {[%emt 0:00:06]} 32. Bf2 {[%emt 0:00:31]} Ng6 {[%emt 0:00:06]} 33.
Re6 {[%emt 0:00:01]} Nxh4 {[%emt 0:00:45]} 34. Rh1 {[%emt 0:00:07]} Kxg5 {
[%emt 0:00:02]} 35. f4+ {[%emt 0:00:01]} 1-0

[Event "European Rapid Championship 2021"]
[Site "Katowice"]
[Date "2021.12.18"]
[Round "3.3"]
[White "Kovalenko, Igor"]
[Black "Lach, Aleksandra"]
[Result "1/2-1/2"]
[WhiteElo "2649"]
[BlackElo "2132"]
[Annotator "TA"]
[PlyCount "127"]
[EventDate "2021.12.18"]
[EventType "swiss"]
[EventCountry "POL"]
[SourceTitle "playchess.com"]
[Source "ChessBase"]
[SourceQuality "1"]

{[%evp 9,127,0,9,8,18,6,0,-8,11,0,18,4,12,0,0,0,9,-24,0,0,-6,-10,1,-14,0,0,0,0,
25,0,0,0,0,0,0,0,0,0,0,0,4,0,76,72,294,295,287,0,0,0,0,0,0,0,0,0,0,-170,-90,
-106,-101,-94,-80,-154,-121,-94,-86,-156,-147,-222,-208,-227,-69,-31,0,0,0,0,0,
0,0,0,0,0,0,0,0,0,0,0,0,0,0,0,0,0,0,0,0,0,0,0,0,0,0,0,0,0,0,0,0,0,0,0,0,0,0,0,
0,0]} 1. e4 c5 2. Nf3 g6 3. c3 Bg7 4. h3 d5 5. exd5 Qxd5 6. d4 {B27: Sicilian:
2 Nf3, unusual Black 2nd moves.} Nc6 {[%cal Rc5d4]} 7. Be3 cxd4 8. cxd4 Nf6 9.
Nc3 Qa5 10. Bc4 e6 11. O-O O-O {[#]} 12. a3 $146 ({Predecessor:} 12. Qe2 Nd5
13. Bd2 Qd8 14. Rad1 a6 15. Rfe1 b5 16. Bb3 Nxc3 17. bxc3 Na5 18. Bf4 {1-0 (44)
Goswami,V (2235)-Mishra,N (2363) India 1999}) 12... a6 13. b4 Qd8 14. Rc1 Ne7 {
To avoid d5} 15. a4 {To avoid b5} Ned5 16. Qb3 Nxc3 17. Rxc3 Ne4 18. Rc2 Nd6
19. Bd3 (19. Bg5 $5 {[%cal Rg5d8]} Bf6 20. Bxf6 Qxf6 21. b5 $11) 19... b5 20.
axb5 axb5 21. Bg5 Bf6 22. Bxf6 Qxf6 23. Ne5 {[%cal Bf3e5,Be5d7,Bd7f6][%mdl 32]}
Qf4 24. Qb2 Bb7 25. d5 {aiming for Nd7.} Bxd5 (25... Ra4 $11) 26. Nd7 $16 {
Black must now prevent Nf6+.} Rfc8 $2 {[#]} (26... Bc4 $16 {was worth a try.}
27. Nf6+ Qxf6 28. Qxf6 Bxd3) 27. Nf6+ $1 $18 Kf8 28. Rc5 (28. Nxd5 $18 exd5 29.
g3) 28... Bc4 $40 {[%mdl 128] Black has some attack.} 29. Bxc4 {Dancing on a
razor blade.} Nxc4 {[%cal Bd6c4,Bc4d2,Bd2f3][%mdl 32]} 30. Nxh7+ Ke7 31. Qc3
Rxc5 32. bxc5 {Strongly threatening Qb4.} Nd2 33. g3 $2 {[#]} (33. Rd1 $11 Rd8
34. Ra1 Qxf2+ 35. Kh1) 33... Qd4 $3 {[%mdl 512]} 34. Qxd4 $17 Nf3+ 35. Kg2 {
White threatens Qd6+ and mate.} Nxd4 {[%mdl 4096] Endgame KRN-KRN} 36. Rd1 ({
Better is} 36. Ng5) 36... e5 37. Ng5 Rc8 38. Rc1 (38. Ra1 $142) 38... f5 39. h4
(39. Nf3 $17 Ke6 40. Nh4) 39... b4 $19 40. Nf3 Nxf3 (40... Ke6 $19 {Hoping for
...Nxf3.} 41. Nxd4+ exd4) 41. Kxf3 {KR-KR} b3 (41... Kd7 $5 {[%cal Rd7c6]} 42.
Rb1 Rb8 $17) 42. Ke3 {The position is equal.} ({Don't play} 42. Rb1 Rb8 43. g4
Kd7 44. gxf5 gxf5 $17) 42... Kd7 43. Kd3 ({Reject} 43. Rb1 Rb8 44. Kd3 Kc6 $17)
43... Kc6 {...Kb5 is the strong threat.} (43... b2 $5 44. Rb1 e4+ 45. Kd4 Rb8
$11) 44. Kc3 $1 Rb8 {And now ...b2 would win.} 45. Kb2 $1 e4 46. Rc3 Rb5 47.
Rxb3 Rxc5 48. Rc3 Rxc3 49. Kxc3 $11 {K3P-K3P} Kc5 50. Kd2 Kd4 51. Ke2 Kd5 52.
Kd2 Kd4 53. Ke2 Kd5 54. Ke3 {Kf4 would kill now.} Ke5 55. f3 exf3 56. Kxf3 {
KPP-KPP} Ke6 57. Ke2 Kd6 58. Kd2 Ke6 59. Ke2 Kd6 60. Kf3 Ke5 61. g4 fxg4+ 62.
Kxg4 {Intending Kg5 and mate.} Kf6 63. h5 gxh5+ 64. Kxh5 {What a bad dream for
Black.  Weighted Error Value: White=0.21 (precise) /Black=0.20 (precise)}
1/2-1/2

[Event "European Rapid Championship 2021"]
[Site "Katowice"]
[Date "2021.12.18"]
[Round "3.3"]
[White "Szpar, Milosz"]
[Black "Samborski, Henryk"]
[Result "1-0"]
[WhiteElo "2315"]
[BlackElo "2029"]
[Annotator "NA"]
[PlyCount "77"]
[EventDate "2021.12.18"]
[EventType "swiss"]
[EventCountry "POL"]
[SourceTitle "playchess.com"]
[Source "ChessBase"]
[SourceQuality "1"]
[TimeControl "900+10"]

1. e4 {[%emt 0:00:03]} c5 {[%emt 0:00:08]} 2. Nf3 {[%emt 0:00:03]} d6 {[%emt 0:
00:02]} 3. d4 {[%emt 0:00:04]} cxd4 {[%emt 0:00:01]} 4. Qxd4 {[%emt 0:00:03]}
Nc6 {[%emt 0:00:12]} 5. Bb5 {[%emt 0:00:03]} Bd7 {[%emt 0:00:17]} 6. Bxc6 {
[%emt 0:00:03]} Bxc6 {[%emt 0:00:18]} 7. Nc3 {[%emt 0:00:04]} e5 {[%emt 0:02:
27]} 8. Qd3 {[%emt 0:00:25]} h6 {[%emt 0:00:06]} 9. O-O {[%emt 0:00:26]} Be7 {
[%emt 0:00:08]} 10. a4 {[%emt 0:02:34]} Nf6 {[%emt 0:01:55]} 11. Nd2 {[%emt 0:
00:32]} O-O {[%emt 0:01:22]} 12. Nc4 {[%emt 0:01:18]} Rc8 13. Rd1 {[%emt 0:00:
27]} Qc7 {[%emt 0:02:19]} 14. Ne3 {[%emt 0:00:49]} Rfd8 {[%emt 0:01:24]} 15. b3
{[%emt 0:00:28]} Bf8 {[%emt 0:01:55]} 16. Bb2 {[%emt 0:00:35]} b6 {[%emt 0:01:
58]} 17. Rac1 {[%emt 0:02:20]} g6 {[%emt 0:00:13]} 18. Ba3 {[%emt 0:00:30]} Qb7
{[%emt 0:01:02]} 19. Ncd5 {[%emt 0:00:18]} Bxd5 {[%emt 0:00:16]} 20. Nxd5 {
[%emt 0:00:11]} Nxd5 {[%emt 0:00:04]} 21. Qxd5 {[%emt 0:00:02]} Qxd5 {[%emt 0:
00:56]} 22. Rxd5 {[%emt 0:00:03]} f5 {[%emt 0:00:20]} 23. c4 {[%emt 0:00:48]}
Kf7 {[%emt 0:00:02]} 24. Rcd1 {[%emt 0:00:13]} Ke6 {[%emt 0:00:04]} 25. f4 {
[%emt 0:00:29]} fxe4 {[%emt 0:01:34]} 26. fxe5 {[%emt 0:00:32]} Be7 {[%emt 0:
00:16]} 27. exd6 {[%emt 0:00:09]} Bf6 {[%emt 0:00:02]} 28. Re1 {[%emt 0:00:17]}
Rd7 {[%emt 0:00:05]} 29. Rxe4+ {[%emt 0:00:10]} Kf7 {[%emt 0:00:04]} 30. g3 {
[%emt 0:00:22]} h5 {[%emt 0:00:11]} 31. Kg2 {[%emt 0:00:06]} Re8 {[%emt 0:00:
24]} 32. Rxe8 {[%emt 0:00:08]} Kxe8 {[%emt 0:00:01]} 33. Kf3 {[%emt 0:00:10]}
Kf7 {[%emt 0:00:04]} 34. Ke4 {[%emt 0:00:10]} Ke6 {[%emt 0:00:01]} 35. a5 {
[%emt 0:00:26]} Bg7 {[%emt 0:00:08]} 36. axb6 {[%emt 0:00:28]} axb6 {[%emt 0:
00:01]} 37. Rb5 {[%emt 0:00:21]} Ra7 {[%emt 0:00:02]} 38. Bb4 {[%emt 0:00:04]}
Ra6 {[%emt 0:00:09]} 39. Rg5 {[%emt 0:00:08]} 1-0

[Event "European Rapid Championship 2021"]
[Site "Katowice"]
[Date "2021.12.18"]
[Round "3.4"]
[White "Dudzinski, Pawel"]
[Black "Balog, Imre"]
[Result "0-1"]
[WhiteElo "2145"]
[BlackElo "2629"]
[Annotator "TA"]
[PlyCount "122"]
[EventDate "2021.12.18"]
[EventType "swiss"]
[EventCountry "POL"]
[SourceTitle "playchess.com"]
[Source "ChessBase"]
[SourceQuality "1"]

{[%evp 9,122,0,0,-15,-11,-18,-6,0,0,0,-9,-2,47,55,66,64,55,52,58,73,91,0,0,0,0,
-16,0,-43,-35,-70,-45,-68,-83,-162,-147,-151,-162,-214,-211,-214,-199,-249,
-257,-291,-285,-385,-383,-372,-244,-247,-247,-235,-208,-209,-193,-213,-151,
-238,-244,-357,-347,-388,-358,-437,-421,-409,-397,-427,-413,-675,-675,-664,
-647,-735,-702,-1238,-910,-1579,-1530,-1486,-1436,-1351,-1098,-29966,-29966,
-29966,-29967,-4618,-1014,-791,-787,-29973,-29974,-29965,-29965,-29978,-29979,
-29978,-29976,-29981,-29981,-29981,-29978,-29978,-29979,-29979,-29980,-29980,
-29981,-29980,-29981,-29981,-29981,-29995,-29996]} 1. e4 e6 2. d4 d5 3. exd5
exd5 4. Nf3 Nf6 5. h3 Bd6 6. c4 {C01: French: Exchange Variation.} O-O 7. c5
Be7 8. Bd3 {The position is equal.} b6 9. cxb6 $1 axb6 10. Nc3 {[#]} Ne4 $146 (
10... c5 $11) ({Predecessor:} 10... c5 11. O-O Nc6 12. Bf4 Be6 13. Nb5 Rc8 14.
Ng5 Qd7 15. Re1 Bf5 16. Be5 h6 {0-1 (48) Sutovsky,E (2657)-Socko,B (2643)
Rijeka 2010}) 11. Nxe4 $14 dxe4 12. Bxe4 Bb4+ 13. Kf1 $1 Ra5 14. a3 Re8 {[#]}
15. Bd3 (15. Qc2 $1 $16) 15... Bb7 $11 {Threatens to win with ...Bxf3.} 16. Be3
Bd6 17. b4 Ra8 {[%mdl 1024] Black has compensation.} 18. Qc2 (18. Qb3 $11)
18... h6 $1 $15 19. Qc3 Nd7 {[%cal Bb8d7,Bd7f6,Bf6d5][%mdl 32]} 20. Bb5 {
[%cal Od4d5]} Re7 {White is now going downhill.} 21. Bc6 {[#]} (21. Rd1 $17)
21... Bxb4 $1 $19 {[%mdl 512]} 22. axb4 Bxc6 23. Rc1 (23. Rxa8 $142 Qxa8 24. d5
Bxd5 25. Qxc7) 23... Bxf3 24. gxf3 Nf6 25. Kg2 (25. Bd2 $142) 25... Nd5 26. Qd2
Qd6 {Strongly threatening ...f5.} 27. b5 Qg6+ 28. Kh2 Qf5 {...Ra3 is the
strong threat.} 29. Rhg1 Nxe3 ({Weaker is} 29... Qxf3 30. Rg3 Qf5 31. Bxh6 $17)
30. fxe3 Qxf3 31. Rg3 Qe4 32. Rcg1 f5 33. d5 (33. Qg2 $17 Qxg2+ 34. R1xg2)
33... Qe5 34. Qg2 (34. Qd4 {might work better.} Qxd4 35. exd4) 34... Rd8 35.
Kh1 Qxd5 36. Qxd5+ Rxd5 {[%mdl 4096] Endgame KRR-KRR} 37. Rb1 Ree5 38. Rbg1 g5
{[%cal Bg7g5,Bg5g4][%mdl 32]} 39. h4 (39. Rc1 $142) 39... g4 40. Rc1 Rc5 41.
Rxc5 Rxc5 {KR-KR} 42. e4 Rxb5 43. exf5 h5 44. Rc3 Rc5 45. Rd3 Rxf5 46. Rd8+ Kg7
47. Rd7+ Rf7 48. Rd5 Kg6 49. Rg5+ Kh6 {( -> ...c5)} 50. Kg2 c5 {Black mates.}
51. Rd5 Rf6 52. Rd8 Rc6 53. Rh8+ Kg6 54. Rg8+ Kh7 55. Rg5 Kh6 56. Kf2 c4 {
[%cal Bc5c4,Bc4c3,Bc3c2][%mdl 32]} 57. Ke2 c3 58. Kd1 c2+ 59. Kc1 Rc5 60. Rg8
b5 61. Rc8 Rxc8 {Weighted Error Value: White=0.66/Black=0.23 (precise)} 0-1

[Event "European Rapid Championship 2021"]
[Site "Katowice"]
[Date "2021.12.18"]
[Round "3.4"]
[White "Kindler, Przemyslaw"]
[Black "Kozak, Antoni"]
[Result "0-1"]
[WhiteElo "2032"]
[BlackElo "2356"]
[Annotator "ChessBase"]
[PlyCount "116"]
[EventDate "2021.12.18"]
[EventType "swiss"]
[EventCountry "POL"]
[SourceTitle "playchess.com"]
[Source "ChessBase"]
[SourceQuality "1"]
[TimeControl "900+10"]

1. e4 {[%emt 0:00:01]} c5 {[%emt 0:00:03]} 2. Nf3 {[%emt 0:00:02]} d6 {[%emt 0:
00:02]} 3. d4 {[%emt 0:00:02]} Nf6 {[%emt 0:00:01]} 4. Nc3 {[%emt 0:00:01]}
cxd4 {[%emt 0:00:01]} 5. Nxd4 {[%emt 0:00:02]} a6 {[%emt 0:00:01]} 6. Bc4 {
[%emt 0:00:02]} e5 {[%emt 0:03:16]} 7. Nf3 {[%emt 0:00:55]} Be7 {[%emt 0:00:22]
} 8. O-O {[%emt 0:01:19]} O-O {[%emt 0:00:05]} 9. h3 {[%emt 0:00:03]} b5 {
[%emt 0:00:26]} 10. Bd5 {[%emt 0:00:54]} Ra7 {[%emt 0:00:12]} 11. Be3 {[%emt 0:
00:09]} Rd7 {[%emt 0:00:01]} 12. b4 {[%emt 0:00:36]} Qc7 {[%emt 0:00:37]} 13.
Qd2 {[%emt 0:00:02]} Bb7 {[%emt 0:00:31]} 14. a4 {[%emt 0:00:45]} bxa4 {
[%emt 0:00:51]} 15. Rxa4 {[%emt 0:01:32]} Rc8 {[%emt 0:00:06]} 16. Ra3 {
[%emt 0:00:01]} Bf8 {[%emt 0:01:07]} 17. Rc1 {[%emt 0:00:20]} Nc6 {[%emt 0:02:
50]} 18. b5 {[%emt 0:00:09]} axb5 {[%emt 0:00:01]} 19. Nxb5 {[%emt 0:00:02]}
Qd8 {[%emt 0:00:01]} 20. Bg5 {[%emt 0:02:03]} Be7 {[%emt 0:00:50]} 21. Bxf6 {
[%emt 0:00:08]} Bxf6 {[%emt 0:00:01]} 22. c4 {[%emt 0:00:32]} g6 {[%emt 0:00:
51]} 23. Rd3 {[%emt 0:00:05]} Be7 {[%emt 0:00:24]} 24. Rd1 {[%emt 0:00:01]} Qf8
{[%emt 0:00:45]} 25. c5 {[%emt 0:00:51]} Ba6 {[%emt 0:00:40]} 26. Bc4 {[%emt 0:
00:16]} Nd4 {[%emt 0:02:38]} 27. Nfxd4 {[%emt 0:01:52]} exd4 {[%emt 0:00:33]}
28. Rf3 {[%emt 0:01:21]} d5 {[%emt 0:00:59]} 29. Bxd5 {[%emt 0:01:02]} Bxb5 {
[%emt 0:00:45]} 30. Rxf7 {[%emt 0:00:11]} Qxf7 {[%emt 0:00:01]} 31. Bxf7+ {
[%emt 0:00:02]} Kxf7 {[%emt 0:00:01]} 32. e5 {[%emt 0:01:29]} Kg7 {[%emt 0:00:
21]} 33. Qb2 {[%emt 0:00:15]} Rxc5 {[%emt 0:00:57]} 34. Rxd4 {[%emt 0:00:01]}
Rdc7 {[%emt 0:00:02]} 35. Rf4 {[%emt 0:00:17]} Be8 {[%emt 0:00:09]} 36. h4 {
[%emt 0:00:44]} Rc2 {[%emt 0:00:02]} 37. Qb6 {[%emt 0:00:14]} R2c6 {[%emt 0:00:
05]} 38. Qb3 {[%emt 0:00:15]} h5 {[%emt 0:00:18]} 39. Kh2 {[%emt 0:00:45]} Rc3
{[%emt 0:00:19]} 40. Qe6 {[%emt 0:00:27]} R3c6 {[%emt 0:00:02]} 41. Qb3 {
[%emt 0:00:21]} Bf8 {[%emt 0:00:03]} 42. Qb8 {[%emt 0:00:49]} Bf7 {[%emt 0:00:
25]} 43. g3 {[%emt 0:00:16]} Be7 {[%emt 0:00:02]} 44. Qb2 {[%emt 0:00:47]} Be6
{[%emt 0:00:00]} 45. Rf3 {[%emt 0:00:21]} Rc1 {[%emt 0:00:19]} 46. Qd2 {
[%emt 0:00:08]} Ra1 {[%emt 0:00:16]} 47. Rd3 {[%emt 0:00:15]} Rcc1 {[%emt 0:00:
10]} 48. Qb2 {[%emt 0:00:01]} Rh1+ {[%emt 0:00:03]} 49. Kg2 {[%emt 0:00:01]}
Rag1+ {[%emt 0:00:03]} 50. Kf3 {[%emt 0:00:01]} Rb1 {[%emt 0:00:09]} 51. Qc3 {
[%emt 0:00:16]} Bg4+ {[%emt 0:00:05]} 52. Ke3 {[%emt 0:00:01]} Rhe1+ {[%emt 0:
00:38]} 53. Kf4 {[%emt 0:00:16]} Rb4+ {[%emt 0:00:12]} 54. Rd4 {[%emt 0:00:01]}
Reb1 {[%emt 0:00:04]} 55. e6 {[%emt 0:00:05]} R1b3 {[%emt 0:00:14]} 56. Qa1 {
[%emt 0:00:15]} Bf6 {[%emt 0:00:06]} 57. Qa7+ {[%emt 0:00:10]} Kh6 {[%emt 0:00:
01]} 58. e7 {[%emt 0:00:26]} Bxd4 {[%emt 0:00:05]} 0-1

[Event "European Rapid Championship 2021"]
[Site "Katowice"]
[Date "2021.12.18"]
[Round "3.5"]
[White "Kyc, Jerzy"]
[Black "Malek, Jan"]
[Result "1/2-1/2"]
[WhiteElo "2308"]
[BlackElo "2029"]
[Annotator "NA"]
[PlyCount "55"]
[EventDate "2021.12.18"]
[EventType "swiss"]
[EventCountry "POL"]
[SourceTitle "playchess.com"]
[Source "ChessBase"]
[SourceQuality "1"]
[TimeControl "900+10"]

1. e4 {[%emt 0:00:01]} c5 {[%emt 0:00:01]} 2. Nf3 {[%emt 0:00:01]} Nc6 {
[%emt 0:00:01]} 3. d4 {[%emt 0:00:01]} cxd4 {[%emt 0:00:01]} 4. Nxd4 {[%emt 0:
00:01]} g6 {[%emt 0:00:00]} 5. Nc3 {[%emt 0:00:02]} Bg7 {[%emt 0:00:02]} 6. Be3
{[%emt 0:00:01]} Nf6 {[%emt 0:00:01]} 7. Nxc6 {[%emt 0:00:01]} bxc6 {[%emt 0:
00:01]} 8. e5 {[%emt 0:00:01]} Ng8 {[%emt 0:00:01]} 9. Bd4 {[%emt 0:00:01]} Qa5
{[%emt 0:00:06]} 10. Bc4 {[%emt 0:00:35]} Bxe5 {[%emt 0:01:39]} 11. f4 {
[%emt 0:00:01]} Bxd4 {[%emt 0:00:39]} 12. Qxd4 {[%emt 0:00:02]} Nf6 {[%emt 0:
00:02]} 13. O-O-O {[%emt 0:00:09]} d5 {[%emt 0:00:42]} 14. Bb3 {[%emt 0:01:47]}
Be6 {[%emt 0:00:50]} 15. h3 {[%emt 0:00:39]} O-O {[%emt 0:00:52]} 16. g4 {
[%emt 0:00:12]} c5 {[%emt 0:00:02]} 17. Qe5 {[%emt 0:00:07]} Nd7 {[%emt 0:00:
35]} 18. Qg5 {[%emt 0:00:56]} f6 {[%emt 0:01:21]} 19. Qh6 {[%emt 0:00:40]} c4 {
[%emt 0:00:02]} 20. Ba4 {[%emt 0:00:51]} Nb6 {[%emt 0:00:26]} 21. Bc6 {[%emt 0:
01:29]} Rac8 {[%emt 0:04:14]} 22. f5 {[%emt 0:00:03]} d4 {[%emt 0:01:33]} 23.
Nd5 {[%emt 0:05:07]} Nxd5 {[%emt 0:02:43]} 24. fxg6 {[%emt 0:00:03]} hxg6 {
[%emt 0:01:05]} 25. Qxg6+ {[%emt 0:00:03]} Kh8 {[%emt 0:00:04]} 26. Qh6+ {
[%emt 0:00:01]} Kg8 {[%emt 0:00:01]} 27. Qg6+ {[%emt 0:00:01]} Kh8 {[%emt 0:00:
01]} 28. Qh6+ {[%emt 0:00:01]} 1/2-1/2